<?xml version="1.0" encoding="UTF-8"?><?xml-stylesheet type="text/xsl" href="static/style.xsl"?><OAI-PMH xmlns="http://www.openarchives.org/OAI/2.0/" xmlns:xsi="http://www.w3.org/2001/XMLSchema-instance" xsi:schemaLocation="http://www.openarchives.org/OAI/2.0/ http://www.openarchives.org/OAI/2.0/OAI-PMH.xsd"><responseDate>2026-04-17T03:14:07Z</responseDate><request verb="GetRecord" identifier="oai:www.recercat.cat:2072/470221" metadataPrefix="marc">https://recercat.cat/oai/request</request><GetRecord><record><header><identifier>oai:recercat.cat:2072/470221</identifier><datestamp>2025-08-31T16:32:20Z</datestamp><setSpec>com_2072_98</setSpec><setSpec>col_2072_378192</setSpec></header><metadata><record xmlns="http://www.loc.gov/MARC21/slim" xmlns:dcterms="http://purl.org/dc/terms/" xmlns:xsi="http://www.w3.org/2001/XMLSchema-instance" xmlns:doc="http://www.lyncode.com/xoai" xsi:schemaLocation="http://www.loc.gov/MARC21/slim http://www.loc.gov/standards/marcxml/schema/MARC21slim.xsd">
   <leader>00925njm 22002777a 4500</leader>
   <datafield ind2=" " ind1=" " tag="042">
      <subfield code="a">dc</subfield>
   </datafield>
   <datafield ind2=" " ind1=" " tag="720">
      <subfield code="a">Martin-Iguacel, Raquel</subfield>
      <subfield code="e">author</subfield>
   </datafield>
   <datafield ind2=" " ind1=" " tag="720">
      <subfield code="a">Reyes-Urueña, Juliana</subfield>
      <subfield code="e">author</subfield>
   </datafield>
   <datafield ind2=" " ind1=" " tag="720">
      <subfield code="a">Bruguera Riera, Andreu</subfield>
      <subfield code="e">author</subfield>
   </datafield>
   <datafield ind2=" " ind1=" " tag="720">
      <subfield code="a">Aceitón, Jordi</subfield>
      <subfield code="e">author</subfield>
   </datafield>
   <datafield ind2=" " ind1=" " tag="720">
      <subfield code="a">Díaz, Yesika</subfield>
      <subfield code="e">author</subfield>
   </datafield>
   <datafield ind2=" " ind1=" " tag="720">
      <subfield code="a">Moreno-Fornés, Sergio</subfield>
      <subfield code="e">author</subfield>
   </datafield>
   <datafield ind2=" " ind1=" " tag="720">
      <subfield code="a">Domingo, Pere</subfield>
      <subfield code="e">author</subfield>
   </datafield>
   <datafield ind2=" " ind1=" " tag="720">
      <subfield code="a">Burgos, Joaquín</subfield>
      <subfield code="e">author</subfield>
   </datafield>
   <datafield ind2=" " ind1=" " tag="720">
      <subfield code="a">Tiraboschi, Juan Manuel</subfield>
      <subfield code="e">author</subfield>
   </datafield>
   <datafield ind2=" " ind1=" " tag="720">
      <subfield code="a">Johansen, Isik Somuncu</subfield>
      <subfield code="e">author</subfield>
   </datafield>
   <datafield ind2=" " ind1=" " tag="720">
      <subfield code="a">Álvarez, Hortensia</subfield>
      <subfield code="e">author</subfield>
   </datafield>
   <datafield ind2=" " ind1=" " tag="720">
      <subfield code="a">Miró, Josep M.</subfield>
      <subfield code="e">author</subfield>
   </datafield>
   <datafield ind2=" " ind1=" " tag="720">
      <subfield code="a">Casabona-Barbarà, Jordi</subfield>
      <subfield code="e">author</subfield>
   </datafield>
   <datafield ind2=" " ind1=" " tag="720">
      <subfield code="a">Llibre, Josep M..</subfield>
      <subfield code="e">author</subfield>
   </datafield>
   <datafield ind2=" " ind1=" " tag="720">
      <subfield code="a">Universitat Autònoma de Barcelona</subfield>
      <subfield code="e">author</subfield>
   </datafield>
   <datafield ind2=" " ind1=" " tag="260">
      <subfield code="c">2022</subfield>
   </datafield>
   <datafield ind2=" " ind1=" " tag="520">
      <subfield code="a">Late HIV diagnosis (i.e CD4≤350 cells/µL) is associated with poorer outcomes. However, determinants of long-term mortality and factors influencing immune recovery within the first years after antiretroviral treatment (ART) initiation are poorly defined. From PISCIS cohort, we included all HIV-positive adults, two-year survivors after initiating ART between 2005-2019. The primary outcome was all-cause mortality according to the two-year CD4 count. We used Poisson regression. The secondary outcome was incomplete immune recovery (i.e., two-year CD4&lt;500 cells/µL). We used logistic regression and propensity score matching. We included 2,719 participants (16593·1 person-years): 1441 (53%) late presenters (LP) and 1278 non-LP (1145 non-LP with two-year CD4 count >500 cells/µL, reference population). Overall, 113 patients (4·2%) died. Mortality was higher among LP with two-year CD4 count 200-500 cells/µL (aMRR 1·95[95%CI:1·06-3·61]) or &lt;200 cells/µL (aMRR 4·59[2·25-9·37]). Conversely, no differences were observed in participants with two-year CD4 counts >500 cells/µL, regardless of being initially LP or non-LP (aMRR 1·05[0·50-2·21]). Mortality rates within each two-year CD4 strata were not affected by the initial CD4 count at ART initiation (test-interaction, p = 0·48). The stronger factor influencing immune recovery was the CD4 count at ART initiation. First-line integrase-inhibitor-(INSTI)-based regimens were associated with reduced mortality compared to other regimens (aMRR 0·54[0·31-0·93]) and reduced risk of incomplete immune recovery in LP (aOR 0·70[0·52-0·95]). Two-year immune recovery is a good early predictor of long-term mortality in LP after surviving the first high-risk 2 years. Nearly half experienced a favorable immune recovery with a life expectancy similar to non-LP. INSTI-based regimens were associated with higher rates of successful immune recovery and better survival compared to non-INSTI regimens. Southern-Denmark University, Danish AIDS-foundation, and Region of Southern Denmark.</subfield>
   </datafield>
   <datafield tag="653" ind2=" " ind1=" ">
      <subfield code="a">Delayed HIV diagnosis</subfield>
   </datafield>
   <datafield tag="653" ind2=" " ind1=" ">
      <subfield code="a">HIV</subfield>
   </datafield>
   <datafield tag="653" ind2=" " ind1=" ">
      <subfield code="a">Integrase inhibitors</subfield>
   </datafield>
   <datafield tag="653" ind2=" " ind1=" ">
      <subfield code="a">Immune recovery</subfield>
   </datafield>
   <datafield tag="653" ind2=" " ind1=" ">
      <subfield code="a">Immune response</subfield>
   </datafield>
   <datafield tag="653" ind2=" " ind1=" ">
      <subfield code="a">Late presenters</subfield>
   </datafield>
   <datafield tag="653" ind2=" " ind1=" ">
      <subfield code="a">Mortality</subfield>
   </datafield>
   <datafield ind2="0" ind1="0" tag="245">
      <subfield code="a">Determinants of long-term survival in late HIV presenters : The prospective PISCIS cohort study</subfield>
   </datafield>
</record></metadata></record></GetRecord></OAI-PMH>